Microelectronics (Record no. 11960)

MARC details
000 -LEADER
fixed length control field 00462nam a2200217Ia 4500
001 - CONTROL NUMBER
control field 110703
003 - CONTROL NUMBER IDENTIFIER
control field YMCAF
005 - DATE AND TIME OF LATEST TRANSACTION
control field 20230512162425.0
008 - FIXED-LENGTH DATA ELEMENTS--GENERAL INFORMATION
fixed length control field 100717s2004 ||||||||||||||||| ||und|d
024 ## - OTHER STANDARD IDENTIFIER
Standard number or code 110703
035 ## - SYSTEM CONTROL NUMBER
System control number WB1690
040 ## - CATALOGING SOURCE
Original cataloging agency YMCAF
Language of cataloging eng
Transcribing agency IN-KoLT
041 ## - LANGUAGE CODE
Language code of text/sound track or separate title eng
082 ## - DEWEY DECIMAL CLASSIFICATION NUMBER
Classification number 621.381
Item number 5 MIL
100 ## - MAIN ENTRY--PERSONAL NAME
Personal name Millman/Grabel
245 #0 - TITLE STATEMENT
Title Microelectronics
250 ## - EDITION STATEMENT
Edition statement 2nd
260 ## - PUBLICATION, DISTRIBUTION, ETC.
Name of publisher, distributor, etc. TMH
Date of publication, distribution, etc. 2004
300 ## - PHYSICAL DESCRIPTION
Extent 1001
942 ## - ADDED ENTRY ELEMENTS (KOHA)
Source of classification or shelving scheme Dewey Decimal Classification
Koha item type Books
Holdings
Withdrawn status Lost status Damaged status Not for loan Home library Current library Date acquired Cost, normal purchase price Total Checkouts Barcode Date last seen Cost, replacement price Price effective from Koha item type Public note G Date last checked out
  Lost     JC Bose University of Science & Technology JC Bose University of Science & Technology 17/07/2010 335.00   WB1691 12/05/2023 335.00 12/05/2023 Books C 601302  
        JC Bose University of Science & Technology JC Bose University of Science & Technology 17/07/2010 335.00 1 WB1690 20/09/2024 335.00 12/05/2023 Books C 601302 20/09/2024